Návrh opatrení na zefektívnenie využívania vybraných metód štíhlosti v priemyselnom podniku
Uložené v:
| Hlavný autor: | |
|---|---|
| Ďalší autori: | |
| Médium: | Rukopis Kniha |
| Jazyk: | Slovak |
| Vydavateľské údaje: |
2017
|
| Predmet: | |
| On-line prístup: | http://is.stuba.sk/zp/portal_zp.pl?podrobnosti=115326 |
| Tagy: |
Žiadne tagy, Buďte prvý, kto otaguje tento záznam!
|
MARC
| LEADER | 00000ntm a22000003a 4500 | ||
|---|---|---|---|
| 001 | stuzp62108 | ||
| 003 | SK-STU | ||
| 005 | 20170701210454.0 | ||
| 007 | ta | ||
| 008 | 150427s2015----xo-----f-mn---000-0-slo-d | ||
| 040 | |a STU |b slo | ||
| 041 | 0 | |a slo | |
| 100 | 1 | |a Bazala, Peter |u 064000 |4 aut |U MTF Materiálovotechnologická fakulta |T MTF Ústav priemyselného inžinierstva a manažmentu |X 73607 |U M4000 |Y 84 |7 73607 | |
| 242 | 0 | 1 | |a The proposal of measures to streamline the use of selected Lean methods in industrial company |y eng |
| 245 | 1 | 0 | |a Návrh opatrení na zefektívnenie využívania vybraných metód štíhlosti v priemyselnom podniku |
| 260 | |c 2017 | ||
| 650 | 4 | |a Lean |2 slo | |
| 650 | 4 | |a štíhla výroba |2 slo | |
| 650 | 4 | |a nástroje lean |2 slo | |
| 650 | 4 | |a lean |2 eng | |
| 650 | 4 | |a lean tools |2 eng | |
| 650 | 4 | |a kaizen |2 eng | |
| 700 | 1 | |a Mĺkva, Miroslava |u 064000 |k Z1 |4 ths |U MTF Materiálovotechnologická fakulta |T MTF Ústav priemyselného inžinierstva a manažmentu |X 4176 |U M4000 |Y 84 |7 A000004176 | |
| 856 | 4 | |u http://is.stuba.sk/zp/portal_zp.pl?podrobnosti=115326 | |
| 996 | |c M* BP-7896 |l MMSKP |s P |a 0 |w stuzp62108_0001 | ||